Crop insurance in Thailand : a case study on cotton insurance in Pak Chong, Nakhon Ratchasima /
Saved in:
| Main Author: | |
|---|---|
| Format: | Thesis Book |
| Language: | English |
| Published: |
Bangkok :
Faculty of Economics, Thammasat University,
1980
|
| Subjects: | |
| Tags: |
Add Tag
No Tags, Be the first to tag this record!
|
| LEADER | 00961cam a2200265 4500 | ||
|---|---|---|---|
| 001 | u32422 | ||
| 003 | SIRSI | ||
| 008 | 840211s1980 th v 0 eng | ||
| 015 | |a X830006352 | ||
| 035 | |a AAD-4947 | ||
| 040 | |a UMM | ||
| 043 | |a a-th--- | ||
| 050 | 1 | |a HG9969.T5 | |
| 090 | 0 | 0 | |a HG9969 |b T5Bun |d closed stacks |
| 100 | 0 | 0 | |a Buncha Trivithayacun. |
| 245 | 1 | 0 | |a Crop insurance in Thailand : |b a case study on cotton insurance in Pak Chong, Nakhon Ratchasima / |c by Buncha Trivithayacun. |
| 260 | |a Bangkok : |b Faculty of Economics, Thammasat University, |c 1980 | ||
| 300 | |a xi, 148 leaves ; |c 27cm | ||
| 502 | |a Dissertation (M.Ec.) - Thammasat University, 1980 | ||
| 504 | 0 | 0 | |a Bibliography: leaf 148 |
| 650 | 0 | |a Insurance, Agricultural |x Crops |z Thailand |z Pak Chong. | |
| 650 | 0 | |a Cotton |x Economic aspects |z Thailand |z Pak Chong. | |
| 948 | |a 16/03/1991 |b 31/05/2002 | ||
| 596 | |a 1 | ||
| 999 | |a HG9969 T5BUN |w LC |c 1 |i A002703579 |l STACKS |m P01UTAMA |r Y |s Y |t TESIS |u 22/10/1991 | ||
